La marine d'autrefois / (Record no. 156516)

MARC details
000 -LEADER
campo de control de longitud fija 00959nam a2200265 i 4500
001 - NÚMERO DE CONTROL
campo de control 156516
003 - IDENTIFICADOR DE NÚMERO DE CONTROL
campo de control ES-MaACL
005 - FECHA Y HORA DE LA ÚLTIMA TRANSACCIÓN
campo de control 20251005063123.0
008 - DATOS DE LONGITUD FIJA--INFORMACIÓN GENERAL
campo de control de longitud fija 991221s1882 fr |||| | fre d
100 1# - ENTRADA PRINCIPAL--NOMBRE DE PERSONA
Nombre de persona Jurien de La Gravière, Edmond,
Fechas asociadas al nombre 1812-1892
9 (RLIN) 164752
245 13 - MENCIÓN DEL TÍTULO
Título La marine d'autrefois /
Mención de responsabilidad, etc. par Jurien de la Gravière.
250 ## - MENCION DE EDICION
Mención de edición 2e éd.
260 ## - PUBLICACIÓN, DISTRIBUCIÓN, ETC.
Lugar de publicación, distribución, etc. Paris :
Nombre del editor, distribuidor, etc. E. Plon et Cie.,
Fecha de publicación, distribución, etc. 1882.
300 ## - DESCRIPCIÓN FÍSICA
Extensión 356 p. ;
Dimensiones 18 cm.
490 1# - MENCIÓN DE SERIE
Mención de serie Souvenirs de la navigation a voiles
505 8# - NOTA DE CONTENIDO CON FORMATO
Nota de contenido con formato Contiene: La Sardaigne en 1842 ; Le protectorat français a Taiti ; Les grandes flottilles
596 ## - NOTA AL PIE DE IMPRENTA
NOTA AL PIE DE IMPRENTA Marca tip. en port.
650 #4 - PUNTO DE ACCESO ADICIONAL DE MATERIA--TÉRMINO DE MATERIA
Término de materia o nombre geográfico como elemento de entrada Marina de guerra-
Subdivisión geográfica Francia.
9 (RLIN) 171498
651 #4 - PUNTO DE ACCESO ADICIONAL DE MATERIA--NOMBRE GEOGRÁFICO
Nombre geográfico Cerdeña-
Subdivisión general Historia-
Subdivisión cronológica 1708-1861.
9 (RLIN) 168796
651 #4 - PUNTO DE ACCESO ADICIONAL DE MATERIA--NOMBRE GEOGRÁFICO
Nombre geográfico Tahití-
Subdivisión general Historia.
9 (RLIN) 171636
752 ## - ENTRADA AGREGADA--NOMBRE JERÁRQUICO DEL LUGAR
País o entidad superior Francia -
Ciudad París
830 1# - PUNTO DE ACCESO ADICIONAL DE SERIE-TÍTULO UNIFORME
Título uniforme Souvenirs de la navigation a voiles
9 (RLIN) 221681
852 ## - LOCALIZACIÓN
Ubicación ES-MaACL
Número de control de estantería F-6773
Nota libre - Enc. hol.
Holdings
Estatus retirado Estado de pérdida Estado de daño No para préstamo Colección Biblioteca de origen Biblioteca actual Ubicación en estantería Fecha de adquisición Fuente de adquisición Total de préstamos Signatura topográfica completa Código de barras Visto por última vez Precio de reemplazo Tipo de ítem Koha
        Libros del s. XIX Biblioteca del Ateneo de Madrid Biblioteca del Ateneo de Madrid Depósito 2 17/01/2008     F-6773 1163752 23/02/2023 23/02/2023 Libro impreso antiguo